[Event "ch-Euro Blitz"]
[Site "Ajaccio FRA"]
[Date "2007.10.25"]
[Round "4"]
[White "Geronimi, Pi"]
[Black "Van Wely, L."]
[Result "0-1"]
[WhiteElo "1950"]
[BlackElo "2679"]
[PlyCount "52"]
[EventDate "2007.10.25"]
[Source "www.chesslib.no"]
[SourceDate "2004.05.04"]

1. e4 e5 2. Nf3 Nc6 3. Bc4 Bc5 4. c3 Nf6 5. d4 exd4 6. cxd4 Bb4+ 7. Nc3 Nxe4 8. O-O Bxc3 9. d5 Ne5 10. bxc3 Nxc4 11. Re1 Ncd6 12. Ng5 O-O 13. Nxe4 Nxe4 14. Rxe4 d6 15. Qf3 Re8 16. Rxe8+ Qxe8 17. Be3 f6 18. Re1 Bd7 19. Qg3 Qe5 20. Qxe5 fxe5 21. c4 b6 22. Bg5 h6 23. Bh4 g5 24. Bg3 Bf5 25. Re2 Bd3 26. Rd2 Bxc4 0-1

[Event "Cannes Martinez Open"]
[Site "Cannes FRA"]
[Date "1995.??.??"]
[Round "4"]
[White "Caruso, Augusto"]
[Black "Lane, Gary W"]
[Result "0-1"]
[WhiteElo "2220"]
[BlackElo "2405"]
[PlyCount "80"]
[EventDate "1995.07.??"]
[Source "www.chesslib.no"]
[SourceDate "2004.05.04"]

1. e4 e5 2. Nf3 Nc6 3. Bc4 Bc5 4. c3 Nf6 5. d4 exd4 6. cxd4 Bb4+ 7. Nc3 Nxe4 8. O-O Bxc3 9. d5 Bf6 10. Re1 Ne7 11. Rxe4 d6 12. Bg5 Bxg5 13. Nxg5 h6 14. Qe2 hxg5 15. Re1 Be6 16. Re3 Kf8 17. dxe6 f6 18. Rh3 Rxh3 19. gxh3 g6 20. h4 gxh4 21. Qg4 Kg7 22. Re3 Qh8 23. Rb3 Rb8 24. Rh3 Qh6 25. Rf3 Nc6 26. Re3 Qg5 27. Qxg5 fxg5 28. Bd5 Kf6 29. Rf3+ Ke5 30. Bxc6 bxc6 31. e7 Re8 32. h3 Rxe7 33. Ra3 d5 34. Rxa7 d4 35. Kf1 d3 36. Ke1 g4 37. Ra4 Kf5+ 38. Kd2 Re4 39. hxg4+ Ke5 40. Ra5+ Kf4 0-1

[Event "FSI - Torneo dell'Anniversario"]
[Site "?"]
[Date "2000.??.??"]
[Round "?"]
[White "De Lorenzo Giancarlo"]
[Black "Piazza Franco"]
[Result "1-0"]
[WhiteElo "2360"]
[BlackElo "2265"]
[PlyCount "34"]
[EventDate "2000.??.??"]
[Source "www.chesslib.no"]
[SourceDate "2004.05.04"]

1. e4 e5 2. Nf3 Nc6 3. Bc4 Bc5 4. c3 Nf6 5. d4 exd4 6. cxd4 Bb4+ 7. Nc3 Nxe4 8. O-O Bxc3 9. d5 Bf6 10. Re1 Ne7 11. Rxe4 d6 12. Bg5 Bxg5 13. Nxg5 h6 14. Qe2 Bf5 15. Re3 hxg5 16. Re1 Kf8 17. Rxe7 Bd7 1-0

[Event "It (Open) Dos Hermanas ESP"]
[Site "?"]
[Date "2006.03.31"]
[Round "2.8"]
[White "Campora Daniel Hugo"]
[Black "Oviedo Rodriguez Miguel Angel"]
[Result "1-0"]
[WhiteElo "2541"]
[BlackElo "2080"]
[PlyCount "47"]
[EventDate "2006.??.??"]
[Source "www.chesslib.no"]
[SourceDate "2004.05.04"]

1. e4 e5 2. Nf3 Nc6 3. Bc4 Bc5 4. c3 Nf6 5. d4 exd4 6. cxd4 Bb4+ 7. Nc3 Nxe4 8. O-O Bxc3 9. d5 Bf6 10. Re1 Ne7 11. Rxe4 d6 12. Bg5 Bxg5 13. Nxg5 h6 14. Qe2 Bf5 15. Re3 Kf8 16. Nf3 Qd7 17. Nd4 Bg6 18. Re1 Nf5 19. Bb5 c6 20. dxc6 Nxd4 21. cxd7 Nxe2+ 22. R1xe2 f5 23. Re8+ Kf7 24. Rxh8 1-0

[Event "JUG Ch sf"]
[Site "Kladovo"]
[Date "1994.??.??"]
[Round "?"]
[White "Mirkovic, Slobodan"]
[Black "Scekic, Milos"]
[Result "1-0"]
[WhiteElo "2355"]
[BlackElo "2265"]
[PlyCount "41"]
[EventDate "1994.??.??"]
[Source "www.chesslib.no"]
[SourceDate "2004.05.04"]

1. e4 e5 2. Nf3 Nc6 3. Bc4 Bc5 4. c3 Nf6 5. d4 exd4 6. cxd4 Bb4+ 7. Nc3 Nxe4 8. O-O Bxc3 9. d5 Bf6 10. Re1 Ne7 11. Rxe4 d6 12. Bg5 Bxg5 13. Nxg5 O-O 14. Nxh7 Kxh7 15. Qh5+ Kg8 16. Rh4 f5 17. Qh7+ Kf7 18. Rh6 Bd7 19. Be2 Rh8 20. Bh5+ Kf8 21. Rf6+ 1-0

[Event "It Open"]
[Site "St. Ingbert GER"]
[Date "1991.??.??"]
[Round "7"]
[White "Portisch, Ferenc"]
[Black "Sutterer Robert"]
[Result "0-1"]
[WhiteElo "2400"]
[BlackElo "2220"]
[PlyCount "82"]
[EventDate "1991.??.??"]
[Source "www.chesslib.no"]
[SourceDate "2004.05.04"]

1. e4 e5 2. Nf3 Nc6 3. Bc4 Bc5 4. c3 Nf6 5. d4 exd4 6. cxd4 Bb4+ 7. Nc3 Nxe4 8. O-O Bxc3 9. d5 Bf6 10. Re1 Ne7 11. Rxe4 d6 12. Bg5 Bxg5 13. Nxg5 h6 14. Qe2 hxg5 15. Re1 Be6 16. dxe6 f6 17. Re3 c6 18. Rh3 Rxh3 19. gxh3 g6 20. Rd1 Qc7 21. Qf3 f5 22. Qe3 d5 23. Qd4 O-O-O 24. Qxa7 Qb8 25. Qb6 Qc7 26. Qa7 Rd6 27. b4 b5 28. Qa6+ Qb7 29. Bxb5 Qxa6 30. Bxa6+ Kc7 31. Re1 c5 32. b5 Kb6 33. Kg2 d4 34. Kf3 d3 35. a4 c4 36. Ra1 c3 37. a5+ Ka7 38. Bb7 Kxb7 39. a6+ Ka7 40. b6+ Rxb6 41. Ke3 d2 0-1

[Event "RUS-Cup8"]
[Site "Smolensk"]
[Date "1997.??.??"]
[Round "3"]
[White "Pogosian, G."]
[Black "Svirin, Oleg"]
[Result "1/2-1/2"]
[WhiteElo "2205"]
[BlackElo "2415"]
[PlyCount "51"]
[EventDate "1997.06.13"]
[Source "ChessBase"]
[SourceDate "1997.07.29"]

1. e4 e5 2. Nf3 Nc6 3. Bc4 Bc5 4. c3 Nf6 5. d4 exd4 6. cxd4 Bb4+ 7. Nc3 Nxe4 8. O-O Bxc3 9. d5 Bf6 10. Re1 Ne7 11. Rxe4 d6 12. Bg5 Bxg5 13. Nxg5 h6 14. Bb5+ Bd7 15. Qe2 Bxb5 16. Qxb5+ Qd7 17. Qxb7 O-O 18. Rae1 Rab8 19. Qxa7 Rxb2 20. Qd4 Rb5 21. Qd3 Rxd5 22. Rxe7 Rxd3 23. Rxd7 hxg5 24. Rxc7 Rd2 25. Rd7 g6 26. g3 1/2-1/2

[Event "JUG-chT2"]
[Site "JUG"]
[Date "1994.??.??"]
[Round "11"]
[White "Jovcic, Milan"]
[Black "Nikolic, Goran"]
[Result "1/2-1/2"]
[WhiteElo "2265"]
[BlackElo "2355"]
[PlyCount "47"]
[EventDate "1994.??.??"]
[Source "www.chesslib.no"]
[SourceDate "2004.05.04"]

1. e4 e5 2. Nf3 Nc6 3. Bc4 Bc5 4. c3 Nf6 5. d4 exd4 6. cxd4 Bb4+ 7. Nc3 Nxe4 8. O-O Bxc3 9. d5 Bf6 10. Re1 Ne7 11. Rxe4 d6 12. Bg5 Bxg5 13. Nxg5 O-O 14. Nxh7 Kxh7 15. Qh5+ Kg8 16. Rh4 f5 17. Qh7+ Kf7 18. Rh6 Rg8 19. Re1 Qf8 20. Bb5 Rh8 21. Qxh8 gxh6 22. Qh7+ Kf6 23. Rxe7 Qxe7 24. Qxh6+ 1/2-1/2

[Event "MEX-ch Absoluto"]
[Site "Mexico"]
[Date "2000.??.??"]
[Round "?"]
[White "Ocampo Vargas, Raul"]
[Black "Estrada Nieto, Julian"]
[Result "1/2-1/2"]
[WhiteElo "2219"]
[BlackElo "2397"]
[PlyCount "35"]
[EventDate "2000.08.04"]
[Source "www.chesslib.no"]
[SourceDate "2004.05.04"]

1. e4 e5 2. Nf3 Nc6 3. Bc4 Bc5 4. c3 Nf6 5. d4 exd4 6. cxd4 Bb4+ 7. Nc3 Nxe4 8. O-O Bxc3 9. d5 Bf6 10. Re1 Ne7 11. Rxe4 d6 12. Bg5 Bxg5 13. Nxg5 h6 14. Qe2 hxg5 15. Re1 Be6 16. Re3 Kf8 17. dxe6 f6 18. Rg3 1/2-1/2

[Event "Krumbach Open"]
[Site "Krumbach"]
[Date "1991.??.??"]
[Round "2"]
[White "Campidelli, Peter"]
[Black "Blauert, Joerg"]
[Result "0-1"]
[WhiteElo "2220"]
[BlackElo "2395"]
[PlyCount "50"]
[EventDate "1991.03.??"]
[Source "www.chesslib.no"]
[SourceDate "2004.05.04"]

1. e4 e5 2. Nf3 Nc6 3. Bc4 Bc5 4. c3 Nf6 5. d4 exd4 6. cxd4 Bb4+ 7. Nc3 Nxe4 8. O-O Bxc3 9. d5 Bf6 10. Re1 Ne7 11. Rxe4 d6 12. Bg5 Bxg5 13. Nxg5 O-O 14. Nxh7 Bf5 15. Rxe7 Qxe7 16. Nxf8 Rxf8 17. Qd2 Qe4 18. Rc1 Re8 19. Bb5 Re5 20. Bc4 Bd7 21. f4 Rf5 22. g3 c5 23. Bb3 Bb5 24. Re1 Qf3 25. Re3 Qf1# 0-1

[Event "Corr"]
[Site "?"]
[Date "1999.??.??"]
[Round "?"]
[White "Halwick Floyd J Jr"]
[Black "Baer Werner"]
[Result "1-0"]
[WhiteElo "2333"]
[BlackElo "2280"]
[PlyCount "49"]
[EventDate "1999.??.??"]
[Source "www.chesslib.no"]
[SourceDate "2004.05.04"]

1. e4 e5 2. Nf3 Nc6 3. Bc4 Bc5 4. c3 Nf6 5. d4 exd4 6. cxd4 Bb4+ 7. Nc3 Nxe4 8. O-O Bxc3 9. d5 Ne5 10. bxc3 Nxc4 11. Qd4 Ncd6 12. Qxg7 Qf6 13. Qxf6 Nxf6 14. Re1+ Nfe4 15. Nd2 f5 16. f3 Kf7 17. fxe4 Re8 18. e5 Kg6 19. c4 b6 20. Bb2 Nf7 21. Re3 h5 22. Rg3+ Kh6 23. Rf1 h4 24. Re3 Kg6 25. Nf3 1-0

[Event "Zalakaros Cup"]
[Site "?"]
[Date "2002.05.24"]
[Round "2"]
[White "Kosztolanczi Gyula"]
[Black "Hajnal Zoltan"]
[Result "0-1"]
[WhiteElo "2192"]
[BlackElo "2403"]
[PlyCount "60"]
[EventDate "2002.??.??"]
[Source "www.chesslib.no"]
[SourceDate "2004.05.04"]

1. e4 e5 2. Nf3 Nc6 3. Bc4 Bc5 4. c3 Nf6 5. d4 exd4 6. cxd4 Bb4+ 7. Nc3 Nxe4 8. O-O Bxc3 9. d5 Bf6 10. Re1 Ne7 11. Rxe4 d6 12. Bg5 Bxg5 13. Nxg5 h6 14. Qe2 hxg5 15. Re1 Be6 16. Re3 c6 17. dxe6 f6 18. Rh3 Rxh3 19. gxh3 g6 20. b4 Kf8 21. Qb2 Kg7 22. Re3 d5 23. Rf3 Nf5 24. Bd3 Nh4 25. Re3 Qd6 26. Qd4 b6 27. Qg4 Re8 28. Bc2 d4 29. Ra3 a5 30. Bb3 Qxb4 0-1

[Event "ARM Ch"]
[Site "Erevan ARM"]
[Date "1994.??.??"]
[Round "?"]
[White "Stambulian, Arsen"]
[Black "Mnatsakanian, Eduard A"]
[Result "1-0"]
[WhiteElo "2205"]
[BlackElo "2390"]
[PlyCount "61"]
[EventDate "1994.??.??"]
[Source "www.chesslib.no"]
[SourceDate "2004.05.04"]

1. e4 e5 2. Nf3 Nc6 3. Bc4 Bc5 4. c3 Nf6 5. d4 exd4 6. cxd4 Bb4+ 7. Nc3 Nxe4 8. O-O Bxc3 9. d5 Bf6 10. Re1 Ne7 11. Rxe4 d6 12. Bg5 Bxg5 13. Nxg5 O-O 14. Nxh7 Kxh7 15. Qh5+ Kg8 16. Rh4 f5 17. Qh7+ Kf7 18. Rh6 Rg8 19. Re1 Bd7 20. Ree6 Bxe6 21. dxe6+ Ke8 22. Rg6 d5 23. Rxg7 Qd6 24. Rxg8+ Nxg8 25. Qf7+ Kd8 26. Qxg8+ Ke7 27. Qf7+ Kd8 28. Bxd5 Qe7 29. Qxf5 c6 30. Bc4 b5 31. Bxb5 1-0

[Event "ESP Team Ch"]
[Site "ESP"]
[Date "1990.??.??"]
[Round "?"]
[White "Mendoza Contreras, Lucas Eduardo"]
[Black "Brito Garcia, Alfredo"]
[Result "1-0"]
[WhiteElo "2285"]
[BlackElo "2310"]
[PlyCount "85"]
[EventDate "1990.??.??"]
[Source "www.chesslib.no"]
[SourceDate "2004.05.04"]

1. e4 e5 2. Nf3 Nc6 3. Bc4 Bc5 4. c3 Nf6 5. d4 exd4 6. cxd4 Bb4+ 7. Nc3 Nxe4 8. O-O Bxc3 9. d5 Bf6 10. Re1 O-O 11. Rxe4 Ne7 12. d6 Ng6 13. Qe2 b5 14. Bxf7+ Kxf7 15. Qxb5 Kg8 16. Qd5+ Kh8 17. Qxa8 cxd6 18. Be3 Ne5 19. Nxe5 dxe5 20. Qd5 d6 21. Rd1 Be7 22. Ra4 a6 23. Rc4 h6 24. Rdc1 Bf5 25. Rc7 Bf6 26. R7c6 Be7 27. Rxa6 Qe8 28. f3 Qg6 29. Ra8 Rxa8 30. Qxa8+ Kh7 31. Kh1 Bg5 32. Bxg5 Qxg5 33. Qc6 Qd2 34. Qc3 Qf2 35. a4 e4 36. Qc2 Qe3 37. Qc3 Qa7 38. a5 d5 39. Qc5 Qf7 40. a6 exf3 41. a7 Qb7 42. b4 Be4 43. Ra1 1-0

[Event "Wch U20"]
[Site "Halle"]
[Date "1995.??.??"]
[Round "4"]
[White "Sylvan, Jacob"]
[Black "Garbisu de Goni, Unai"]
[Result "0-1"]
[WhiteElo "2200"]
[BlackElo "2395"]
[PlyCount "78"]
[EventDate "1995.09.??"]
[Source "ChessBase"]

1. e4 e5 2. Nf3 Nc6 3. Bc4 Bc5 4. c3 Nf6 5. d4 exd4 6. cxd4 Bb4+ 7. Nc3 Nxe4 8. O-O Bxc3 9. d5 Bf6 10. Re1 Ne7 11. Rxe4 d6 12. Bg5 Bxg5 13. Nxg5 h6 14. Qe2 hxg5 15. Re1 Be6 16. dxe6 f6 17. Re3 Kf8 18. Rh3 Rxh3 19. gxh3 g6 20. Qf3 Kg7 21. Qxb7 a5 22. b3 Qb8 23. Qf3 c6 24. Bf1 d5 25. Qe3 Qb4 26. Rc1 a4 27. bxa4 Rxa4 28. Bd3 Qd4 29. Qe2 Ra3 30. Rd1 Qe5 31. Qg4 c5 32. Rb1 Rxd3 33. Rb7 Kf8 34. Rd7 Qe1+ 35. Kg2 Qe4+ 36. Kg1 Qxg4+ 37. hxg4 f5 38. f4 gxf4 39. g5 Re3 0-1

[Event "Gyongyos op"]
[Site "?"]
[Date "1996.??.??"]
[Round "?"]
[White "Szabo Zsolt"]
[Black "Borsos Bogdan"]
[Result "1-0"]
[WhiteElo "2265"]
[BlackElo "2330"]
[PlyCount "113"]
[EventDate "1996.??.??"]
[Source "www.chesslib.no"]
[SourceDate "2004.05.04"]

1. e4 e5 2. Nf3 Nc6 3. Bc4 Bc5 4. c3 Nf6 5. d4 exd4 6. cxd4 Bb4+ 7. Nc3 Nxe4 8. Qb3 O-O 9. O-O Bxc3 10. bxc3 Na5 11. Bxf7+ Rxf7 12. Qd5 Nxc3 13. Qxa5 Ne2+ 14. Kh1 b6 15. Qe5 Nxc1 16. Ng5 Nd3 17. Qd5 Qxg5 18. Qxg5 Ba6 19. Kg1 Re8 20. g3 h6 21. Qd2 Re4 22. Rad1 Rxd4 23. Qe3 c5 24. Rd2 d5 25. f3 Kf8 26. Re2 Bb5 27. Rb1 Nb4 28. Rd2 Re7 29. Qc3 Rc4 30. Qb2 Be8 31. Re2 Rxe2 32. Qxe2 Rc2 33. Qe6 Nd3 34. Qf5+ Bf7 35. Qxd3 Rxa2 36. Qf5 Re2 37. Qc8+ Re8 38. Qc7 d4 39. Qxa7 d3 40. Qxb6 c4 41. Qd4 Kg8 42. Rb7 Re1+ 43. Kf2 Re2+ 44. Kf1 Re8 45. Rxf7 Kxf7 46. Qxc4+ Re6 47. Qxd3 Rf6 48. Kf2 g5 49. h3 Kg7 50. Qd5 Kg6 51. Ke3 h5 52. f4 gxf4+ 53. gxf4 Rf5 54. Qe6+ Rf6 55. Qg8+ Kf5 56. Qg5+ Ke6 57. Qxh5 1-0

[Event "Hessenliga"]
[Site "GER"]
[Date "1994.??.??"]
[Round "?"]
[White "Schlesinger, Omri"]
[Black "Roeberg, Frank"]
[Result "1/2-1/2"]
[WhiteElo "2275"]
[BlackElo "2310"]
[PlyCount "73"]
[EventDate "1994.??.??"]
[Source "www.chesslib.no"]
[SourceDate "2004.05.04"]

1. e4 e5 2. Nf3 Nc6 3. Bc4 Bc5 4. c3 Nf6 5. d4 exd4 6. cxd4 Bb4+ 7. Nc3 Nxe4 8. O-O Nxc3 9. bxc3 Bxc3 10. Ba3 d5 11. Bb5 Bxa1 12. Re1+ Be6 13. Qa4 Qd7 14. Ne5 Nxe5 15. Bxd7+ Nxd7 16. Rxa1 Kd8 17. Qb4 Kc8 18. Qe7 b6 19. Re1 Rd8 20. Rxe6 fxe6 21. Qxe6 Kb7 22. Be7 Nf8 23. Bxf8 Rxf8 24. Qxd5+ Ka6 25. Qd7 Rfd8 26. Qxg7 c5 27. Qxh7 cxd4 28. Qd3+ Kb7 29. h4 Rac8 30. h5 Rc3 31. Qe4+ Ka6 32. h6 d3 33. h7 d2 34. Qa4+ Kb7 35. Qe4+ Ka6 36. Qa4+ Kb7 37. Qe4+ 1/2-1/2

[Event "POL Team Ch reg"]
[Site "Poland"]
[Date "1995.??.??"]
[Round "?"]
[White "Morkisz, Bogdan"]
[Black "Kaula, Roman"]
[Result "1/2-1/2"]
[WhiteElo "2220"]
[BlackElo "2350"]
[PlyCount "56"]
[EventDate "1995.??.??"]
[Source "www.chesslib.no"]
[SourceDate "2004.05.04"]

1. e4 e5 2. Nf3 Nc6 3. Bc4 Bc5 4. c3 Nf6 5. d4 exd4 6. cxd4 Bb4+ 7. Nc3 Nxe4 8. O-O Bxc3 9. d5 Bf6 10. Re1 Ne7 11. Rxe4 d6 12. Bg5 Bxg5 13. Nxg5 h6 14. Qe2 hxg5 15. Re1 Be6 16. dxe6 f6 17. Re3 c6 18. Rh3 Rxh3 19. gxh3 g6 20. Qf3 Qa5 21. Qxf6 Qxe1+ 22. Bf1 O-O-O 23. Qxe7 Qe4 24. b4 Qf4 25. Be2 Rf8 26. Qd7+ Kb8 27. f3 Qe3+ 28. Kf1 Ka8 1/2-1/2

[Event "Tapolca"]
[Site "Tapolca"]
[Date "1989.??.??"]
[Round "?"]
[White "Kahn, Evarth"]
[Black "Magyar, Otto"]
[Result "1-0"]
[WhiteElo "2245"]
[BlackElo "2325"]
[PlyCount "43"]
[EventDate "1989.??.??"]
[Source "www.chesslib.no"]
[SourceDate "2004.05.04"]

1. e4 e5 2. Nf3 Nc6 3. Bc4 Bc5 4. c3 Nf6 5. d4 exd4 6. cxd4 Bb4+ 7. Nc3 Nxe4 8. O-O Bxc3 9. d5 Bf6 10. Re1 Ne7 11. Rxe4 d6 12. Bg5 Bxg5 13. Nxg5 O-O 14. Nxh7 Kxh7 15. Qh5+ Kg8 16. Rh4 f5 17. Qh7+ Kf7 18. Rh6 Bd7 19. Be2 Rh8 20. Bh5+ Ng6 21. Qxg6+ Kg8 22. Qf7# 1-0

[Event "RLPF-chA"]
[Site "Wittlich"]
[Date "1997.??.??"]
[Round "?"]
[White "Haag, Guenter"]
[Black "Schumacher, Olaf"]
[Result "1/2-1/2"]
[WhiteElo "2245"]
[BlackElo "2315"]
[PlyCount "70"]
[EventDate "1997.08.??"]
[Source "www.chesslib.no"]
[SourceDate "2004.05.04"]

1. e4 e5 2. Nf3 Nc6 3. Bc4 Bc5 4. c3 Nf6 5. d4 exd4 6. cxd4 Bb4+ 7. Nc3 Nxe4 8. O-O Bxc3 9. d5 Ne5 10. bxc3 Nxc4 11. Qd4 Ncd6 12. Qxg7 Qf6 13. Qxf6 Nxf6 14. Re1+ Nfe4 15. Nd2 f5 16. f3 O-O 17. fxe4 Nxe4 18. Nxe4 fxe4 19. Rxe4 d6 20. Re7 Rf7 21. Re8+ Rf8 22. Rxf8+ Kxf8 23. Bh6+ Kf7 24. Rf1+ Kg6 25. Be3 Bf5 26. Rf3 Be4 27. Rg3+ Kf7 28. c4 b6 29. Rg4 Re8 30. Kf2 Bg6 31. Rf4+ Kg8 32. Kf3 Bd3 33. Rd4 Rf8+ 34. Bf4 Bb1 35. h3 Bg6 1/2-1/2

[Event "Plzen opJ-A"]
[Site "Plzen"]
[Date "1996.??.??"]
[Round "4"]
[White "Simacek, Pavel"]
[Black "Dolezal, Radoslav Jr"]
[Result "0-1"]
[WhiteElo "2285"]
[BlackElo "2270"]
[PlyCount "62"]
[EventDate "1996.??.??"]
[Source "www.chesslib.no"]
[SourceDate "2004.05.04"]

1. e4 e5 2. Nf3 Nc6 3. Bc4 Bc5 4. c3 Nf6 5. d4 exd4 6. cxd4 Bb4+ 7. Nc3 Nxe4 8. O-O Bxc3 9. d5 Bf6 10. Re1 Ne7 11. Rxe4 d6 12. Bg5 Bf5 13. Bb5+ Kf8 14. Rf4 Bxg5 15. Nxg5 h6 16. Nxf7 Kxf7 17. Qe2 g5 18. Rf3 Kg8 19. Re3 Rh7 20. Re1 Kf8 21. b4 Rf7 22. Qb2 Kg8 23. Qe2 a6 24. Ba4 Ng6 25. g3 Qf6 26. Kh1 Bd7 27. Bc2 g4 28. Re6 Bxe6 29. dxe6 Rg7 30. Qxg4 Qxf2 31. Qe4 d5 0-1

[Event "HUN-chT1"]
[Site "HUN"]
[Date "1995.??.??"]
[Round "?"]
[White "Letay, Gyula"]
[Black "Csapo, Zoltan"]
[Result "0-1"]
[WhiteElo "2265"]
[BlackElo "2290"]
[PlyCount "92"]
[EventDate "1995.??.??"]
[Source "www.chesslib.no"]
[SourceDate "2004.05.04"]

1. e4 e5 2. Nf3 Nc6 3. Bc4 Bc5 4. c3 Nf6 5. d4 exd4 6. cxd4 Bb4+ 7. Nc3 Nxe4 8. Qb3 O-O 9. O-O Nxc3 10. bxc3 Be7 11. Qb5 d6 12. Qh5 Qd7 13. d5 Ne5 14. Nxe5 dxe5 15. Qxe5 Bf6 16. Qg3 b5 17. Bb3 a5 18. a3 c5 19. Bg5 Ra6 20. Rad1 Bxg5 21. Qxg5 Rg6 22. Qd2 Qd6 23. Bc2 Rh6 24. h3 c4 25. f4 Qxa3 26. Qd4 Qd6 27. Rfe1 Rh4 28. Qe5 Rh6 29. Qd4 Rd8 30. Rd2 Qb6 31. d6 Qxd4+ 32. Rxd4 Kf8 33. Re5 Bd7 34. Rc5 Be8 35. Rcd5 Bc6 36. d7 Bxd5 37. Rxd5 Rb6 38. Bf5 g6 39. Bg4 Rb7 40. f5 h5 41. Bf3 Rdxd7 42. Rc5 Rb8 43. fxg6 fxg6 44. Be4 Rd6 45. Rc7 Ke8 46. Ra7 Rbb6 0-1

[Event "Paris Ch"]
[Site "Paris FRA"]
[Date "1990.??.??"]
[Round "?"]
[White "Bjornsson, Tomas"]
[Black "Weeks, Manuel William"]
[Result "1-0"]
[WhiteElo "2300"]
[BlackElo "2250"]
[PlyCount "57"]
[EventDate "1990.05.??"]
[Source "www.chesslib.no"]
[SourceDate "2004.05.04"]

1. e4 e5 2. Nf3 Nc6 3. Bc4 Bc5 4. c3 Nf6 5. d4 exd4 6. cxd4 Bb4+ 7. Nc3 d5 8. exd5 Nxd5 9. O-O Be6 10. Qd3 Qd7 11. Bb5 f6 12. Bd2 Bd6 13. Rfe1 O-O-O 14. Rxe6 Qxe6 15. Re1 Qf7 16. Qf5+ Kb8 17. Nxd5 Bxh2+ 18. Kxh2 Rxd5 19. Bc4 Rxf5 20. Bxf7 Rd8 21. Bc3 a5 22. a4 b5 23. axb5 Rxb5 24. d5 Rbxd5 25. Bxd5 Rxd5 26. Re8+ Kb7 27. Rg8 Rd7 28. Rh8 h6 29. Rh7 1-0

[Event "40-FS-XXIII UDSJ"]
[Site "?"]
[Date "1997.??.??"]
[Round "?"]
[White "Kovacevic, Milorad"]
[Black "Nikolic, Branislav"]
[Result "1/2-1/2"]
[WhiteElo "2250"]
[BlackElo "2300"]
[PlyCount "43"]
[EventDate "1997.??.??"]
[Source "www.chesslib.no"]
[SourceDate "2004.05.04"]

1. e4 e5 2. Nf3 Nc6 3. Bc4 Bc5 4. c3 Nf6 5. d4 exd4 6. cxd4 Bb4+ 7. Nc3 Nxe4 8. O-O Bxc3 9. d5 Bf6 10. Re1 Ne7 11. Rxe4 d6 12. Bg5 Bxg5 13. Nxg5 h6 14. Qe2 hxg5 15. Re1 Be6 16. dxe6 f6 17. Re3 d5 18. Rh3 Rxh3 19. gxh3 g6 20. Qf3 Qd6 21. Qxf6 Qf4 22. Qh8+ 1/2-1/2

[Event "Vladimir (open)"]
[Site "?"]
[Date "2004.08.18"]
[Round "1"]
[White "Shpak Alexa"]
[Black "Gavrilov Al1"]
[Result "0-1"]
[WhiteElo "2105"]
[BlackElo "2441"]
[PlyCount "80"]
[EventDate "2004.??.??"]
[Source "www.chesslib.no"]
[SourceDate "2004.05.04"]

1. e4 e5 2. Nf3 Nc6 3. Bc4 Bc5 4. c3 Nf6 5. d4 exd4 6. cxd4 Bb4+ 7. Nc3 Nxe4 8. O-O Bxc3 9. d5 Ne5 10. bxc3 Nxc4 11. Qd4 f5 12. Qxc4 d6 13. Nd4 O-O 14. f3 Nc5 15. Ba3 b6 16. Bxc5 bxc5 17. Nc6 Qf6 18. Rae1 Bd7 19. Re7 Rf7 20. Rfe1 Raf8 21. Rxf7 Rxf7 22. Nxa7 Re7 23. Rxe7 Qxe7 24. Kf2 Qe8 25. Qe2 Qd8 26. g3 f4 27. Nb5 fxg3+ 28. hxg3 h5 29. a4 h4 30. g4 Qf6 31. Qe4 Bxb5 32. axb5 Kf8 33. Qe3 g5 34. Kg2 Qe7 35. Qd3 Qe5 36. c4 Kg7 37. Kf1 h3 38. Qd2 Kh6 39. Qf2 Qa1+ 40. Ke2 h2 0-1

[Event "WC.2002.S.00004"]
[Site "?"]
[Date "2000.??.??"]
[Round "?"]
[White "Makovsky Petr"]
[Black "Menghi Carlo"]
[Result "0-1"]
[WhiteElo "2305"]
[BlackElo "2232"]
[PlyCount "78"]
[EventDate "2000.??.??"]
[Source "www.chesslib.no"]
[SourceDate "2004.05.04"]

1. e4 e5 2. Nf3 Nc6 3. Bc4 Bc5 4. c3 Nf6 5. d4 exd4 6. cxd4 Bb4+ 7. Nc3 Nxe4 8. O-O Bxc3 9. d5 Bf6 10. Re1 Ne7 11. Rxe4 d6 12. Bg5 Bxg5 13. Nxg5 h6 14. Qe2 hxg5 15. Re1 Be6 16. dxe6 f6 17. Re3 c6 18. Rh3 Rxh3 19. gxh3 g6 20. Rd1 d5 21. Qf3 Ng8 22. h4 f5 23. h5 Qf6 24. Bd3 Qxe6 25. hxg6 Ne7 26. g7 Kd7 27. b4 Qe5 28. b5 g4 29. bxc6+ bxc6 30. Qg3 Qxg3+ 31. fxg3 Rb8 32. Rf1 Ke6 33. h4 gxh3 34. g4 Rg8 35. gxf5+ Kf6 36. Kh2 Rxg7 37. Kxh3 c5 38. Rd1 Nc6 39. Bc4 dxc4 0-1

[Event "ESP-chT Div 2"]
[Site "Cala Galdana"]
[Date "1999.11.16"]
[Round "9"]
[White "Garcia Roman, Daniel"]
[Black "Acebal Muniz, Antonio"]
[Result "0-1"]
[WhiteElo "2246"]
[BlackElo "2289"]
[PlyCount "110"]
[EventDate "1999.11.08"]
[Source "ChessBase"]
[SourceDate "2000.01.11"]

1. e4 e5 2. Nf3 Nc6 3. Bc4 Bc5 4. c3 Nf6 5. d4 exd4 6. cxd4 Bb4+ 7. Nc3 Nxe4 8. O-O Bxc3 9. d5 Bf6 10. Re1 Ne7 11. Rxe4 d6 12. Bg5 Bxg5 13. Nxg5 h6 14. Qe2 hxg5 15. Re1 Be6 16. dxe6 f6 17. Re3 c6 18. Rh3 Rxh3 19. gxh3 g6 20. Rd1 Kf8 21. h4 gxh4 22. Rd4 Kg7 23. Rxh4 Qa5 24. Bd3 Rh8 25. Rxh8 Qg5+ 26. Kf1 Kxh8 27. a3 Kg7 28. Qe1 Qe5 29. Qb4 b6 30. Qa4 a5 31. Qb3 Qd5 32. Qxd5 Nxd5 33. Ba6 f5 34. Bc8 Kf6 35. Bd7 c5 36. Ke1 Nf4 37. Kd2 Nxe6 38. Kd3 d5 39. Bc6 Ke5 40. h4 Nf4+ 41. Ke3 Ng2+ 42. Kf3 Nxh4+ 43. Kg3 g5 44. f4+ Kf6 45. Bxd5 Ng6 46. fxg5+ Kxg5 47. Bc4 Kf6 48. Ba6 Ke5 49. Kf3 Kd4 50. Bc8 Ne5+ 51. Kf4 Nd3+ 52. Kxf5 Nxb2 53. Kf4 c4 54. Kf3 c3 55. Ke2 Nc4 0-1

[Event "42nd Capablanca Memorial - Open"]
[Site "L'Avana CUB"]
[Date "2007.05.20"]
[Round "3"]
[White "Baron Rodriguez, Je"]
[Black "Miranda, Y."]
[Result "1-0"]
[WhiteElo "2431"]
[BlackElo "2102"]
[PlyCount "113"]
[EventDate "2007.05.18"]
[Source "www.chesslib.no"]
[SourceDate "2004.05.04"]

1. e4 e5 2. Nf3 Nc6 3. Bc4 Bc5 4. c3 Nf6 5. d4 exd4 6. cxd4 Bb4+ 7. Nc3 Nxe4 8. O-O Bxc3 9. d5 Bf6 10. Re1 Ne7 11. Rxe4 d6 12. Bg5 Bxg5 13. Nxg5 h6 14. Qe2 hxg5 15. Re1 Be6 16. dxe6 f6 17. Re3 d5 18. Rh3 Rxh3 19. gxh3 g6 20. Qf3 Qd6 21. Qxf6 Qf4 22. Qxf4 gxf4 23. Bd3 Kf8 24. Kg2 Kg7 25. b4 Rh8 26. b5 Kf6 27. a4 Rh5 28. a5 Nc8 29. e7 Nxe7 30. Rc1 c6 31. a6 b6 32. bxc6 Rh8 33. c7 Rc8 34. Kf3 Ke5 35. h4 d4 36. Kg4 Kf6 37. Be4 d3 38. Bxd3 Nd5 39. Rc6+ Ke5 40. Bc4 b5 41. Bxb5 Rxc7 42. Rxc7 Nxc7 43. Bd3 Ne6 44. Bxg6 Nc5 45. Bf7 f3 46. Kg5 Ne4+ 47. Kg6 Nxf2 48. h5 Nd3 49. h6 f2 50. h7 Nf4+ 51. Kg5 f1=Q 52. h8=Q+ Ke4 53. Qa8+ Ke5 54. Qb8+ Ke4 55. Qb7+ Ke5 56. Qe7+ Kd4 57. Qf6+ 1-0